000 00325nam a22001337a 4500
008 181102b xxu||||| |||| 00| 0 eng d
020 _a9780534124205
041 _aeng
080 _22nd
_a101
100 _a24
101 _aFIL
245 _aResearching and Writing Across the Curriculum
_cHult,Ch.A
942 _2udc
_cBK
999 _c51765
_d51765